000 00821nam a22002777a 4500
003 CHAP
005 20220329140616.0
008 971013s1963 r 00010 d
010 _a54694
011 _a55666
035 _a59818
040 _cCHAP
082 _a658.311
_bS3
100 0 0 _aSands, Edith.
_9102195
245 _aHow to select executive personnel
260 _aNew York :
_bReinhold Publishing Corporation,
_c1963
300 _a215 p.
490 _aReinhold Management Reference Series
590 _aBATCH-UPD
_b10
_c20130110
_lUCH01
_h0448
590 _aCONVERSION
_b10
_c20130109
_lUCH01
_h1330
650 1 4 _aEjecutivos.
_935836
830 0 _aReinhold Management Reference Series
_995782
901 _aBK
942 _cLIBRO
949 _a658.311 S3
_bBC
_cLIBRO
_d33724000098380
_eLIBRO
_h25154
_i59818
_si
999 _c54694
_d54694